| 000 | 00735nam a22002172 4500 | ||
|---|---|---|---|
| 001 | 0000023252 | ||
| 005 | 20151217155911.0 | ||
| 008 | 121003s xx 000 0 eng d | ||
| 020 | _a3631593158 : | ||
| 040 |
_aKABU _cKABU |
||
| 100 | 1 |
_aOrwenjo, Daniel Ochieng. _@0000182607 |
|
| 245 | 1 | 0 |
_aLexical innovation in child language acquisition : _bevidence from Dholuo / _cDaniel Ochieng Orwenjo. |
| 250 | _a1st ed. | ||
| 260 |
_aFrankfurt am Main : _bPeter Lang, _c2009. |
||
| 300 | _a265 p. | ||
| 650 | 0 |
_aLanguage acquisition _xCase studies. _@0000182608 |
|
| 650 | 0 |
_aLuo language (Kenya and Tanzania) _xAcquisition. _@0000182609 |
|
| 908 | _a121003 | ||
| 950 | _@1 | ||
| 999 |
_c13850 _d13850 |
||